A new narrative for psychology /

A New Narrative for Psychology focuses on how we study and think about persons and the goals of psychological understanding. By critiquing contemporary variable-centered and statistical methods, this book investigates what these approaches leave unexplored by presenting a cutting-edge perspective fo...

Full description

Bibliographic Details
Main Author: Schiff, Brian (Author)
Format: eBook
Language:English
Published: New York : Oxford University Press, [2017]
©2017
Series:Explorations in narrative psychology.
Subjects:
Online Access:Connect to the full text of this electronic book

MARC

Tag First Indicator Second Indicator Subfields
LEADER 00000cam a2200000 i 4500
001 in00005714213
005 20260319163322.5
006 m o d
007 cr |n|||||||||
008 170123s2017 nyu ob 001 0 eng d
040 |a YDX  |b eng  |e pn  |c YDX  |d OCLCQ  |d N$T  |d EBLCP  |d OCLCF  |d UAB  |d STBDS  |d OCLCQ  |d CEF  |d KSU  |d BRX  |d OTZ  |d WYU  |d OCLCQ  |d K6U  |d OCLCO  |d OCLCQ  |d OCLCO  |d OCLCL  |d CLOUD  |d OCLCO  |d UKKRT  |d OCLCQ  |d OCLCL 
019 |a 992181076  |a 992566734  |a 1480368005 
020 |a 9780190690014  |q (electronic bk.) 
020 |a 0190690011  |q (electronic bk.) 
020 |a 9780199332199  |q (electronic bk.) 
020 |a 0199332193  |q (electronic bk.) 
020 |z 0199332185 
020 |z 9780199332182 
020 |a 9780199332205 
020 |a 0199332207 
035 |a (OCoLC)969546756  |z (OCoLC)992181076  |z (OCoLC)992566734  |z (OCoLC)1480368005 
050 4 |a BF76.5  |b .S295 2017 
072 7 |a PSY  |x 000000  |2 bisacsh 
082 0 4 |a 150.72  |2 23 
049 |a TXAM 
100 1 |a Schiff, Brian,  |e author.  |1 https://id.oclc.org/worldcat/entity/E39PCjrpjTVvrcWyPKJFgdh6YX 
245 1 2 |a A new narrative for psychology /  |c Brian Schiff. 
260 |a New York :  |b Oxford University Press,  |c [2017] 
264 4 |c ©2017 
300 |a 1 online resource 
336 |a text  |b txt  |2 rdacontent 
337 |a computer  |b c  |2 rdamedia 
338 |a online resource  |b cr  |2 rdacarrier 
490 1 |a Explorations in narrative psychology 
504 |a Includes bibliographical references and index. 
588 0 |a Online resource, title from PDF title page (EBSCO, viewed June 27, 2017). 
505 0 |a Cover; Series; A New Narrative for Psychology; Copyright; Dedication; Contents; Acknowledgments; PART I; Introduction: What's the Problem?; 1. Out of Context; 2. Out of the Head; PART I I; 3. Turning to Narrative; 4. How Narrating Functions; 5. Making It So; PART I I I; 6. Interpreting Interpretations; 7. Interpreting Ben's Survival; 8. Interpretation in Practice; 9. Reasoned Interpretations; Conclusion: Unity in Psychology?; References; Index. 
520 |a A New Narrative for Psychology focuses on how we study and think about persons and the goals of psychological understanding. By critiquing contemporary variable-centered and statistical methods, this book investigates what these approaches leave unexplored by presenting a cutting-edge perspective for theorizing and studying the thorny problem of human meaning making. 
650 0 |a Psychology  |x Research. 
650 0 |a Narrative inquiry (Research method) 
650 6 |a Psychologie  |x Recherche. 
650 6 |a Histoires de vie. 
650 7 |a PSYCHOLOGY  |x General.  |2 bisacsh 
650 7 |a Narrative inquiry (Research method)  |2 fast 
650 7 |a Psychology  |x Research  |2 fast 
655 7 |a Electronic books.  |2 local 
758 |i has work:  |a A new narrative for psychology (Text)  |1 https://id.oclc.org/worldcat/entity/E39PCGb8PPP8twvhPyv7RQ4T9C  |4 https://id.oclc.org/worldcat/ontology/hasWork 
776 0 8 |i Print version:  |a Schiff, Brian.  |t New narrative for psychology.  |d New York : Oxford University Press, [2017]  |z 0199332185  |z 9780199332182  |w (OCoLC)949911790 
830 0 |a Explorations in narrative psychology. 
856 4 0 |u http://proxy.library.tamu.edu/login?url=https://academic.oup.com/book/11106  |z Connect to the full text of this electronic book  |t 0 
955 |a Oxford Scholarship Online 
994 |a 92  |b TXA 
999 f f |i 6b674872-ef64-4b2b-ae64-729d0a8b703d  |s cc742288-a934-4c33-bb66-9fb4ab0fee1c  |t 0 
952 f f |a Texas A&M University  |b College Station  |c Electronic Resources  |s www_evans  |d Available Online  |t 0  |e BF76.5 .S295 2017  |h Library of Congress classification 
998 f f |a BF76.5 .S295 2017  |t 0  |l Available Online